000 01434nam a22002177a 4500
999 _c62456
_d62456
003 Ge_BSU
005 20241112150004.0
008 241112s1999 ge ||||| |||| 00| 0 geo d
041 _ageo
080 _a616.2-002-053 რ-44
100 _aრუსიძე, ვენერა,
_c ავტორი.
_923670
245 _aრესპირაციული ალერგოზები ბავშვებში :
_bგამოკვლევის მეთოდები, ეთიოპათოგენეზი, კლინიკა, მკურნალობა, პროფილაქტიკა /
_c ვ. რუსიძე, გ. იობაშვილი, თ. გაიხარაშილი ; რედაქტორი ი. ფავლენიშვილი.
264 _aთბილისი :
_b კოლორი,
_c 1999.
300 _a250 გვ. :
_bცხრ. ;
_c20 სმ.
653 _aრესპირაციული ალერგიული დაავადებები ბავშვებში.
653 _aმედიცინა
700 _aიობაშვილი, გიორგი
_923671
_e ავტორი
700 _aგაიხარაშვილი, თამარ.
_e ავტორი
_923672
700 _aფავლენიშვილი, ირაკლი,
_96327
_eრედაქტორი.
942 _2udc
_cᲬᲘᲒᲜᲘ